Manual explicativo sobre mecanismos para la protección del conocimiento tradicional de las comunidades indígenas en la región Andina (Registro nro. 4692)

Detalles MARC
000 -CABECERA
Campo de control 00727nam a2200229 a 4500
005 - FECHA Y HORA DE LA ULTIMA TRANSACCION
Campo de control 20151110100437.0
008 - ELEMENTOS DE LONGITUD FIJA—INFORMACION GENERAL
Campo de control 140317b2001 sz ||||| |||| 00| 0 spa d
040 ## - FUENTE DE CATALOGACIÓN
Agencia catalogadora original CO-BoIAVH
Agencia transcriptora CO-BoIAVH
041 ## - IDIOMA
Código de idioma para texto/pista de sonido o título separado Español
044 ## - PAÍS DE PUBLICACIÓN
País de publicación Suiza
090 ## - CLASIFICACIÓN LOCAL
Colección LB
Consecutivo 04189
100 ## - ASIENTO PRINCIPAL--NOMBRE PERSONAL
Nombre personal Vivas Eugui, David
245 ## - MENCION DE TITULO
Título Manual explicativo sobre mecanismos para la protección del conocimiento tradicional de las comunidades indígenas en la región Andina
260 ## - PUBLICACION, DISTRIBUCION, ETC. (PIE DE IMPRENTA)
Lugar de publicación, distribución, etc. Ginebra
Nombre del editor, distribuidor, etc. UNCTAD
Fecha de publicación, distribución, etc. 2001
300 ## - DESCRIPCION FISICA
Extensión 33 p.
650 ## - ASIENTO SECUNDARIO DE MATERIA - TERMINO TEMATICO
Término temático o nombre geográfico como elemento de entrada Conocimiento Tradicional
650 ## - ASIENTO SECUNDARIO DE MATERIA - TERMINO TEMATICO
Término temático o nombre geográfico como elemento de entrada comunidades Indigenas
650 ## - ASIENTO SECUNDARIO DE MATERIA - TERMINO TEMATICO
Término temático o nombre geográfico como elemento de entrada Propiedad Intelectual
700 ## - ASIENTO SECUNDARIO - NOMBRE PERSONAL
Nombre personal Ruíz Muller, Manuel
942 ## - ELEMENTOS ADICIONALES (KOHA)
Tipo de ítem Informe Técnico
Sistema de clasificación Local
945 ## - PROCESAMIENTO LOCAL
AAAA-MM-DD - Fecha de ingreso o modificacion 2005-07-19
Existencias
Withdrawn status Lost status Sistema de Clasificación Damaged status No para préstamo Colección Inventariado Ubicación Permanente Ubicación actual Fecha de adquisición Total Checkouts Número topográfico Inventario / Código de Barras Date last seen Ejemplar Price effective from Forma de adquisición Tipo de material
    Local     General Inventariado 2017 Bogotá Bogotá 19/07/2005   LB-04189 019456 04/12/2012 Ej. 1 04/12/2012   Informe Técnico